01633nab a22003137a 4500999001500000003000400015005001700019008004100036040001100077100003800088245009600126260007300222300001500295500015400310505028900464505008900753650002100842650003100863650003300894650003000927650003300957650003100990650002701021650004201048650003401090653003101124773015101155942001301306 c5331d5331OSt20250221114144.0190603e xxum|||| |||| 00| 0 spa d cPJ-TDF 96269aArias Cáu, Esteban Javier13aEl contrato de larga duración como categoría contractual /cEsteban Javier Arias Cáu. cCiudad Autónoma de Buenos Aires :aThomson Reuters La Ley, b2024. ap. 127-141 aCita: TR LALEY AR/DOC/1987/2024. Publicado en: R.C.C. y C. 2024 (Septiembre-Octubre). EDICIÓN ESPECIAL: XXIX Jornadas Nacionales de Derecho Civil. aSumario: I. Introducción.— II. El contrato como instrumento técnico.— III. Larga duración como nueva categoría contractual.— IV. Análisis de la regulación legal (art. 1011, Cód. Civ. y Com.).— V. Algunos contratos de duración en particular.— VI. Prospectiva. t¿Te interesa el texto completo? Solicitalo al correo: koha@justierradelfuego.gov.ar 093463aCONTRATOS  096051aBUENA FE CONTRACTUAL 096376aRESCISION DEL CONTRATO 094308aCONTRATO DE AGENCIA 093951aDEBER DE INFORMACIÓN 091606aCONTRATO DE ADHESION 09234aDERECHO COMPARADO 09200aDECRETOS DE NECESIDAD Y URGENCIA 093597aLOCACIÓN DE INMUEBLES aCONTRATO DE LARGA DURACION0 0271393170dCiudad Autónoma de Buenos Aires : Thomson Reuters La Ley, 2015-tRevista Código Civil y Comercial. Nº 5 - Septiembre-Octubre 2024 2udccANA